Imiona nadane dziewczynkom w 2020 - top 200 - Statystyki

Ogólne statystyki
  • Ten quiz został rozwiązany 75 razy
  • Średni wynik to 124 z 200
Statystyki odpowiedzi
Odpowiedź % Poprawnych
10 M Maria
100%
1 Z Zuzanna
100%
4 H Hanna
98%
2 J Julia
98%
130 L Livia
98%
94 O Olivia
98%
8 O Oliwia
98%
72 P Patrycja
98%
40 W Weronika
98%
26 A Anna
96%
37 B Barbara
96%
5 M Maja
96%
152 M Maya
96%
22 N Natalia
96%
3 Z Zofia
96%
13 E Emilia
94%
190 E Eva
94%
70 E Ewa
94%
59 P Paulina
94%
126 V Victoria
94%
148 V Viktoria
94%
15 W Wiktoria
94%
16 A Aleksandra
91%
12 A Amelia
91%
53 J Joanna
91%
9 L Laura
91%
7 A Alicja
89%
20 H Helena
89%
63 K Katarzyna
89%
35 M Martyna
89%
100 M Monika
89%
42 A Agata
87%
78 D Daria
87%
19 I Iga
87%
124 I Izabella
87%
6 L Lena
87%
65 M Marta
87%
95 E Elżbieta
85%
122 E Ewelina
85%
55 I Izabela
85%
57 M Małgorzata
85%
151 N Nicola
85%
178 N Nicole
85%
34 N Nikola
85%
114 A Alina
83%
136 D Danuta
83%
41 K Karolina
83%
71 K Klaudia
83%
30 Ł Łucja
83%
159 M Magda
83%
46 M Magdalena
83%
39 N Nina
83%
166 A Aneta
81%
24 G Gabriela
81%
48 K Kinga
81%
28 K Kornelia
81%
23 M Michalina
81%
11 P Pola
81%
66 U Urszula
81%
102 A Agnieszka
79%
191 A Anastasia
79%
36 A Anastazja
79%
60 A Aurelia
79%
80 D Dorota
79%
62 L Lidia
79%
25 N Nadia
79%
135 T Teresa
79%
31 J Jagoda
77%
101 J Janina
77%
93 S Sandra
77%
69 D Dominika
74%
171 E Edyta
74%
92 J Jadwiga
74%
33 K Kaja
74%
85 L Lilia
74%
38 L Lilianna
74%
29 M Milena
74%
47 R Róża
74%
50 S Sara
74%
155 S Sylwia
74%
76 W Wanda
74%
14 A Antonina
72%
153 I Irena
72%
111 J Justyna
72%
17 M Marcelina
72%
61 M Marianna
72%
73 O Olga
72%
144 F Franciszka
70%
83 K Kamila
70%
18 L Liliana
70%
107 M Marlena
70%
98 N Nel
70%
81 A Ada
68%
181 A Angelika
68%
182 B Beata
66%
179 C Cecylia
66%
51 E Eliza
66%
99 R Roksana
66%
49 R Rozalia
66%
27 B Blanka
64%
109 C Celina
64%
91 D Dagmara
64%
58 G Gaja
64%
134 J Judyta
64%
43 M Matylda
64%
44 M Mia
64%
32 N Nela
64%
125 V Vanessa
64%
200 W Wanessa
64%
165 A Adriana
62%
52 A Adrianna
62%
45 A Aniela
62%
127 A Anita
62%
68 B Bianka
62%
110 K Karina
62%
21 K Klara
62%
120 K Krystyna
62%
118 S Sonia
62%
75 I Ida
60%
115 J Julianna
60%
54 L Liwia
60%
89 L Luiza
60%
67 M Malwina
60%
82 D Diana
57%
117 F Felicja
57%
170 H Honorata
57%
105 J Jowita
57%
140 L Lucyna
57%
168 T Tamara
57%
77 Z Zoja
57%
96 E Emma
55%
84 M Marika
55%
112 A Adela
53%
150 A Amanda
53%
132 F Faustyna
53%
116 J Julita
53%
183 L Lilla
53%
64 M Melania
53%
173 O Ola
53%
56 K Kalina
51%
106 L Lila
51%
146 P Paula
51%
87 E Elena
49%
90 I Inga
49%
79 J Jagna
49%
138 S Sabina
49%
128 E Estera
47%
119 N Natasza
47%
88 S Stefania
47%
103 T Tola
47%
139 O Oktawia
45%
184 O Olimpia
45%
129 O Otylia
45%
86 R Rita
45%
74 A Apolonia
43%
113 L Lea
43%
199 J Jessica
40%
108 J Jaśmina
38%
141 G Gloria
36%
143 I Ines
36%
163 I Inez
36%
121 K Konstancja
36%
156 M Mira
36%
123 N Noemi
36%
97 S Sofia
36%
192 S Sophie
36%
158 A Aurora
34%
149 M Malina
34%
186 S Samanta
34%
161 J Józefina
32%
104 L Lara
32%
133 M Mila
32%
172 S Sofiia
32%
167 S Stella
30%
147 F Florentyna
28%
142 K Klementyna
28%
194 N Naomi
28%
169 R Roma
28%
188 M Melisa
26%
154 A Antonia
23%
193 D Dalia
23%
131 M Milana
23%
162 M Miriam
21%
164 A Ariana
19%
187 N Nelia
19%
185 J Jana
17%
137 M Marietta
17%
196 M Mirella
17%
160 K Kira
15%
198 M Marina
15%
195 Z Zoe
13%
176 I Idalia
11%
145 I Inka
11%
177 P Polina
11%
189 D Dobrawa
9%
175 L Larysa
9%
197 E Emily
6%
180 N Nastia
6%
174 Z Zlata
6%
157 A Alisa
4%
Nie znaleziono quizów pasujących do podanych kryteriów
Rozkład punktacji
Procent ludzi z każdym wynikiem
Percentyl według liczby udzielonych odpowiedzi
Twoja historia wyników
Nie rozwiązałeś tego quizu